[Event "IRI-ch U16"]
[Site "Chess.com INT"]
[Date "2021.01.16"]
[Round "4"]
[White "Movahed, Sina"]
[Black "Taheri, Eliya"]
[Result "1-0"]
[WhiteElo "1804"]
[BlackElo "1591"]
[PlyCount "71"]
[EventDate "2021.01.16"]
[EventType "swiss"]
[EventRounds "11"]
[EventCountry "IRI"]
[SourceTitle "EXT 2022"]
[Source "ChessBase"]
[SourceDate "2021.10.06"]
[SourceVersion "1"]
[SourceVersionDate "2021.10.06"]
[SourceQuality "1"]

1. e4 d5 2. Nc3 d4 3. Nce2 c5 4. Ng3 Nc6 5. Nf3 e5 6. Bb5 Bd6 7. Bxc6+ bxc6 8. d3 Ne7 9. 0-0 0-0 10. Nh4 f5 11. Nhxf5 Nxf5 12. exf5 Bxf5 13. Nxf5 Rxf5 14. Qg4 Qf6 15. Qe4 Rf8 16. f3 Bc7 17. Bd2 Qg6 18. Rae1 h5 19. c3 Qd6 20. cxd4 exd4 21. Qe6+ Kh7 22. Qxd6 Bxd6 23. Re6 R8f6 24. Rfe1 Kg6 25. b3 h4 26. h3 Bg3 27. R1e4 Kf7 28. Re7+ Kg6 29. Rg4+ Kh5 30. Rexg7 Rf7 31. Rxf7 Rxf7 32. Rg5+ Kh6 33. Rxg3+ Kh7 34. Rg4 Re7 35. Rxh4+ Kg6 36. Re4 1-0